| 000 | 01193nam0a2200337 4500 | ||
|---|---|---|---|
| 001 | RU\NLR\bibl\1738776 | ||
| 005 | 20250616112125.0 | ||
| 010 |
_a978-5-295-05107-4 _92500 |
||
| 021 |
_aRU _b2011-3332 _9226 |
||
| 035 | _a(nilc)RSL-KNO-004881950 | ||
| 035 | _a(NLR Aleph) 001729702 | ||
| 090 |
_a1391668 _c1391668 |
||
| 100 | _a20110201d2010 |||y0rusy50 ca | ||
| 101 | 0 | _arus | |
| 102 | _aRU | ||
| 105 | _aa ||||||||| | ||
| 200 | 1 |
_aПриключения кота Барона _eповесть _e[для детей старшего школьного возраста] _eв 2 ч. _fШаулия Зулькарнаева _g[худож. А. Кужин] |
|
| 210 |
_aУфа _cКитап _d2010 |
||
| 215 |
_a215, [1] с. _cцв. ил. _d22 |
||
| 686 |
_aШ9(2)6=Р72-49 _2rubbk |
||
| 686 | _aШ9(2)62=Р7-4 | ||
| 700 | 1 |
_aЗулькарнаева _bШ. Н. _gШаулия Нигматовна _4070 |
|
| 702 | 1 |
_aКужин _bА. Г. _gАзат Г _4040 |
|
| 801 | 0 |
_aRU _bRuMoRKP _c20110201 _grcr |
|
| 801 | 1 |
_aRU _bRuMoRGB _c20110201 |
|
| 801 | 2 |
_aRU _bNLR _c20110222 _grcr |
|
| 942 | _cBOOK | ||
| 980 | _aNB | ||
| 980 | _aNBR | ||